Приборы времени: номенклатурный каталог

গ্রন্থ-পঞ্জীর বিবরন
অন্যান্য লেখক: Соболь Л. С. (составитель), Сизов В. А., Неворотина Л. Ф.
সংক্ষিপ্ত:Исключено из фонда НТБ ТПУ
ভাষা:রুশ
প্রকাশিত: Москва, ЦНИИТЭИприборостроения, 1982
বিন্যাস: MixedMaterials গ্রন্থ
KOHA link:https://koha.lib.tpu.ru/cgi-bin/koha/opac-detail.pl?biblionumber=131959

MARC

LEADER 00000nam0a2200000 4500
001 131959
005 20231031134648.0
035 |a (RuTPU)RU\TPU\book\142894 
090 |a 131959 
100 |a 20080226d1982 k y0rusy50 ca 
101 0 |a rus 
102 |a RU 
105 |a y b 000zy 
200 1 |a Приборы времени  |e номенклатурный каталог  |f сост. Л. С. Соболь, В. А. Сизов, Л. Ф. Неворотина 
210 |a Москва  |c ЦНИИТЭИприборостроения  |d 1982 
215 |a 111 с. 
333 |a Исключено из фонда НТБ ТПУ 
702 1 |a Соболь  |b Л. С.  |4 220 
702 1 |a Сизов  |b В. А.  |4 220 
702 1 |a Неворотина  |b Л. Ф.  |4 220 
801 1 |a RU  |b 63413507  |c 20080226  |g PSBO 
801 2 |a RU  |b 63413507  |c 20220620  |g PSBO 
942 |c BK